| 000 | 00628nam a2200217Ia 4500 | ||
|---|---|---|---|
| 003 | OSt | ||
| 005 | 20230328150357.0 | ||
| 008 | 210423s2008 xx 000 0 und d | ||
| 020 | _a9781412952361 | ||
| 040 | _cAL | ||
| 041 | _aeng | ||
| 082 | _a301 KIVP | ||
| 100 |
_aKIVISTO (Peter),Ed. _979078 |
||
| 245 | _aIlluminating social life: Classical and Contemporary theory reuisited. | ||
| 250 | _a4 | ||
| 260 |
_aNew Delhi _bPine Forge Press _c2008 |
||
| 300 |
_axvi,368 _bPB |
||
| 365 |
_b1946 _cINR |
||
| 906 | _aClassical ; Contemporary ; Illuminating ; life. ; life: ; reuisited. ; social ; theory | ||
| 942 |
_2ddc _cBK |
||
| 999 |
_c156244 _d156244 |
||